Fr. Conceicao Rodrigues College of Engineering

Effective credit Management (Record no. 25398)

MARC details
000 -LEADER
fixed length control field 00298nam a2200133Ia 4500
082 ## - DEWEY DECIMAL CLASSIFICATION NUMBER
Classification number 658.88
Item number ATT
100 ## - MAIN ENTRY--PERSONAL NAME
Personal name Atthreya/N.H
245 ## - TITLE STATEMENT
Title Effective credit Management
260 ## - PUBLICATION, DISTRIBUTION, ETC.
Name of publisher, distributor, etc. MMC School Of Management
Place of publication, distribution, etc. Mumbai
Date of publication, distribution, etc. 1994
300 ## - PHYSICAL DESCRIPTION
Extent 336
546 ## - LANGUAGE NOTE
Language note ENGLISH
654 ## - SUBJECT ADDED ENTRY--FACETED TOPICAL TERMS
Focus term credit
942 ## - ADDED ENTRY ELEMENTS (KOHA)
Koha item type BOOK
Holdings
Withdrawn status Lost status Damaged status Not for loan Collection Home library Current library Date acquired Total Checkouts Full call number Barcode Date last seen Price effective from Koha item type
        CRC Fr. Agnel's C.Rodrigues College of Engineering Fr. Agnel's C.Rodrigues College of Engineering 17/03/2023   658.88 ATT 12722 17/03/2023 17/03/2023 BOOK